000 00723nam a22002291a 4500
001 26388
003 BD-RjUL
005 20211209051018.0
008 140322s1964 ii b 001 0 eng d
035 _a(BD-RjUL)26458
040 _aNUN
_beng
_cNUN
_dNNCU:A
_dBD-RjUL
041 _aeng
082 0 4 _a954.03
_bSII 1964
100 1 _aSinha, Sasadhar,.
_970340
245 1 0 _aIndian independence in perspective /
_cSasadhar Sinha.
260 _aBombay ;
_aCalcutta [etc] :
_bAsia Pub. House,
_c1964.
300 _axi, 311 p. ;
_c22 cm.
504 _aIncludes bibliographical references and index.
651 0 _aIndia
_xHistory
_yBritish occupation, 1765-1947.
_981134
651 0 _aIndia
_xHistory
_y1947-
_95873
942 _2ddc
_cBK
999 _c26388
_d26388